|
|
|
|
| LEADER |
00000nab a2200000 r4500 |
| 001 |
vtls012009050 |
| 003 |
SK-MaSNL |
| 005 |
20260304234026.0 |
| 008 |
201215c2010 xo |||p|||an |100 b|slo |
| 015 |
|
|
|a SNBRA2020/12
|
| 038 |
|
|
|a SPK
|
| 040 |
|
|
|a SPKCL
|b slo
|e rda
|
| 041 |
0 |
|
|a slo
|b slo
|b eng
|
| 044 |
|
|
|a xo
|c SK
|
| 072 |
|
7 |
|a 17
|x Etika. Morálna filozofia
|2 konspekt
|
| 080 |
|
|
|a 17.02
|2 2011
|
| 080 |
|
|
|a 17.024.2/.3
|2 2011
|
| 100 |
1 |
|
|a Žilínek, Martin,
|d 1949-2020
|4 aut
|9 220278
|
| 245 |
1 |
0 |
|a Prosociálnosť a sociomorálna kreativizácia osobnosti
|c Martin Žilínek
|
| 336 |
|
|
|a text
|b txt
|2 rdacontent
|
| 337 |
|
|
|a počítač
|b c
|2 rdamedia
|
| 338 |
|
|
|a online zdroj
|b cr
|2 rdacarrier
|
| 504 |
|
|
|a Obsahuje bibliografiu
|
| 546 |
|
|
|a Anglické a slovenské resumé
|
| 650 |
0 |
7 |
|a prosociálne správanie
|2 snkbucl
|9 49610
|
| 650 |
0 |
7 |
|a morálka
|2 SNKPH
|9 795
|
| 650 |
0 |
7 |
|a empatia
|2 SNKPH
|9 14137
|
| 655 |
|
7 |
|a BZB
|2 SNKPH
|9 1080216
|
| 773 |
0 |
|
|t Paedagogica 22 : zborník Filozofickej fakulty Unverzity Komenského
|d Bratislava : Univerzita Komenského, 2010
|g S. 149-162
|z 9788022332835
|
| 852 |
|
|
|a SPK
|b KIS3GCP
|
| 856 |
4 |
1 |
|u https://fphil.uniba.sk/katedry-a-odborne-pracoviska/katedra-pedagogiky-a-andragogiky/pedagogika/zbornik-paedagogica
|
| 958 |
|
|
|a NB
|
| 999 |
|
|
|c 3201617
|d 3203547
|